| 000 | 00541nam a22001577a 4500 | ||
|---|---|---|---|
| 999 |
_c8345 _d8346 |
||
| 008 | 190930b ||||| |||| 00| 0 eng d | ||
| 020 | _a9781593271817 | ||
| 082 | _a006.6 KIR | ||
| 100 | _aKirsanov, Dmitry. | ||
| 245 |
_aThe book of Inkscape : _bthe definitive guide to the free graphics editor |
||
| 260 |
_aSan Francisco : _bNo Starch Press, _c2009. |
||
| 300 |
_axx, 448 p., [4] p. of plates : _b ill. (some col.) ; _c24 cm. |
||
| 500 | _aIncludes index. | ||
| 650 | _a Inkscape (Electronic resource) Computer graphics. | ||
| 942 | _2ddc | ||